Janvier 1820 - juin 1821

Elmentve itt :
Bibliográfiai részletek
Szerző: Hugo Victor
Dokumentumtípus: Cikk
Megjelent: 1912
Sorozat:Kolligátum
Kulcsszavak:Francia irodalom - levelezés - 19. sz.
Online Access:http://misc.bibl.u-szeged.hu/25786
LEADER 00535nab a2200169 i 4500
001 misc25786
005 20191111110538.0
008 170728s1912 hu o 0|| zxx d
040 |a SZTE Miscellanea Repozitórium  |b hun 
041 |a zxx 
100 1 |a Hugo Victor 
245 1 0 |a Janvier 1820 - juin 1821  |h [elektronikus dokumentum] /  |c  Hugo Victor 
260 |c 1912 
300 |a 1-20 
490 0 |a Kolligátum 
695 |a Francia irodalom - levelezés - 19. sz. 
856 4 0 |u http://misc.bibl.u-szeged.hu/25786/1/018_003_001-020.pdf  |z Dokumentum-elérés